| 000 | 00495nam a2200193Ia 4500 | ||
|---|---|---|---|
| 005 | 20251120191249.0 | ||
| 008 | 230125s9999 xx 000 0 und d | ||
| 020 | _a81-7649-336-8 | ||
| 041 | _aeng | ||
| 082 |
_a158.1 _bGRE |
||
| 100 |
_aGreene R _9215182 |
||
| 245 | _aThe 48 laws of power | ||
| 260 |
_c2007 _bViva publication _aNew Delhi |
||
| 300 | _a195p | ||
| 500 | _aPersonality Development | ||
| 650 |
_aPersonality Development _9213420 |
||
| 700 |
_aGreene R _9215182 |
||
| 942 | _cDB | ||
| 999 |
_c92727 _d92727 |
||